000 00455nam a2200193Ia 4500
008 170918s9999 xx 000 0 und d
020 _a9780590737929
050 _bH468 1982
100 _aHeine, Helme
245 _aFriends /
245 _cwritten and illustrated by Helme Heine.
260 _aNew York :
260 _bScholastic,
260 _c1982
300 _aunpaged :
300 _bchiefly colored ;
300 _c27cm.
500 _a670
999 _c342999
_d342999